[Event "FRA-ch op-A"]
[Site "L'Alpe d'Huez"]
[Date "2023.08.21"]
[Round "3"]
[White "Rodriguez, Emmanuel"]
[Black "Zienkiewicz, Jan"]
[Result "1-0"]
[WhiteElo "2076"]
[BlackElo "2177"]
[PlyCount "73"]
[EventDate "2023.08.19"]
[EventType "swiss"]
[EventRounds "9"]
[EventCountry "FRA"]
[SourceTitle "EXT 2024"]
[Source "ChessBase"]
[SourceDate "2023.10.10"]
[SourceVersion "1"]
[SourceVersionDate "2023.10.10"]
[SourceQuality "1"]

1. d4 Nf6 2. Nc3 d5 3. Bf4 e6 4. Nb5 Na6 5. e3 c6 6. Nc3 Nc7 7. Nf3 b5 8. Ne5 Bb7 9. Qf3 Bd6 10. Bd3 Qe7 11. g4 Nd7 12. Nxd7 Qxd7 13. Bxd6 Qxd6 14. Qg3 Qe7 15. 0-0-0 a6 16. Rhe1 c5 17. dxc5 Qxc5 18. Qe5 0-0 19. Bxh7+ Kxh7 20. Ne4 Qc6 21. Qh5+ Kg8 22. Ng5 Rfc8 23. Qxf7+ Kh8 24. Qh5+ Kg8 25. Qh7+ Kf8 26. Qh8+ Ke7 27. Qxg7+ Ke8 28. Qf7+ Kd8 29. Qf6+ Ke8 30. e4 Qc4 31. b3 Qc5 32. exd5 Bxd5 33. Qf7+ Kd8 34. Rxe6 Qa3+ 35. Kb1 Qc5 36. Re8+ Nxe8 37. Ne6# 1-0